000 00442nam a2200157 i 4500
001 37248
003 ES-MaACL
007 t|
008 030220s1952 ag ||||1| spa d
100 1 _aBuonocore, Domingo.
_932568
245 1 0 _aElementos de Bibliotecología /
_cDomingo Buonocore.
250 _a3ª ed. reformada.
260 _aSanta Fe :
_bCastellví,
_c[1952]
300 _aXLIV, 583 p. ;
_c23 cm.
852 _aES-MaACL
_jC-8118
_bR.36315
999 _c37248
_d37248